Football Clubs from Cities - Statistics

General Stats
  • This quiz has been taken 41 times
  • The average score is 13 of 15
Answer Stats
Club City % Correct
Chelsea London
100%
Manchester United Manchester
100%
Inter Milan Milan
100%
Barcelona Barcelona
97%
Real Madrid Madrid
97%
Paris-Saint-Germain Paris
97%
Bayern Munich Munich
95%
Borussia Dortmund Dortmund
92%
Napoli Naples
92%
Juventus Turin
90%
Ajax Amsterdam
85%
Wolverhampton Wanders Wolverhampton
74%
Aston Villa Birmingham
67%
Marseille Marseille
56%
Al Ahly Cairo
38%
No matching quizzes found
Score Distribution
Percent of People with Each Score
Percentile by Number Answered
Your Score History
You have not taken this quiz